000 00207 a2200097 4500
001 47076
100 _aArnold R
245 _aThe Commandos
260 _aLondon
_bFrederick Muller
_c
090 _c30142
_d30142
942 _aNUST-CAE
_cM
_c22384
999 _c282149
_d282149